<?xml version="1.0" encoding="UTF-8"?>
<record
    xmlns:xsi="http://www.w3.org/2001/XMLSchema-instance"
    xsi:schemaLocation="http://www.loc.gov/MARC21/slim http://www.loc.gov/standards/marcxml/schema/MARC21slim.xsd"
    xmlns="http://www.loc.gov/MARC21/slim">

  <leader>01238cam3a220031301 4500</leader>
  <controlfield tag="001">lce00751589</controlfield>
  <controlfield tag="005">20190830092123.0</controlfield>
  <controlfield tag="008">690811s1967    onc      b    001 0 eng  </controlfield>
  <datafield tag="010" ind1=" " ind2=" ">
    <subfield code="a">   71400300 //r913</subfield>
  </datafield>
  <datafield tag="015" ind1=" " ind2=" ">
    <subfield code="a">C***</subfield>
  </datafield>
  <datafield tag="020" ind1=" " ind2=" ">
    <subfield code="c">unpriced</subfield>
  </datafield>
  <datafield tag="035" ind1=" " ind2=" ">
    <subfield code="a">(Sirsi) r64642</subfield>
  </datafield>
  <datafield tag="035" ind1=" " ind2=" ">
    <subfield code="a">(DLC)   71400300 //r913</subfield>
  </datafield>
  <datafield tag="035" ind1=" " ind2=" ">
    <subfield code="a">(UPRA)lce00751589</subfield>
  </datafield>
  <datafield tag="040" ind1=" " ind2=" ">
    <subfield code="a">DLC</subfield>
    <subfield code="c">DLC</subfield>
    <subfield code="d">DLC</subfield>
    <subfield code="d">UPRA</subfield>
  </datafield>
  <datafield tag="050" ind1="0" ind2="0">
    <subfield code="a">Z7721</subfield>
    <subfield code="b">.P6</subfield>
    <subfield code="a">GT2884</subfield>
  </datafield>
  <datafield tag="082" ind1="0" ind2="0">
    <subfield code="a">016.301/47/686/1</subfield>
  </datafield>
  <datafield tag="100" ind1="1" ind2=" ">
    <subfield code="a">Popham, Robert E.</subfield>
    <subfield code="6">A24552.1</subfield>
  </datafield>
  <datafield tag="245" ind1="1" ind2="0">
    <subfield code="a">Culture and alcohol use :</subfield>
    <subfield code="b">a bibliography of anthropological studies /</subfield>
    <subfield code="c">compiled by Robert E. Popham and Carole D. Yawney.</subfield>
  </datafield>
  <datafield tag="250" ind1=" " ind2=" ">
    <subfield code="a">2nd ed.</subfield>
  </datafield>
  <datafield tag="260" ind1=" " ind2=" ">
    <subfield code="a">Toronto :</subfield>
    <subfield code="b">Addiction Research Foundation,</subfield>
    <subfield code="c">1967.</subfield>
  </datafield>
  <datafield tag="490" ind1="1" ind2=" ">
    <subfield code="a">Addiction Research Foundation. Bibliographic series, no. 1</subfield>
  </datafield>
  <datafield tag="650" ind1=" " ind2="0">
    <subfield code="a">Drinking customs -- Bibliography.</subfield>
    <subfield code="x">Drinking customs -- Bibliography.</subfield>
    <subfield code="6">S17733.1</subfield>
  </datafield>
  <datafield tag="650" ind1=" " ind2="0">
    <subfield code="a">Drinking of alcoholic beverages -- Bibliography.</subfield>
    <subfield code="x">Drinking of alcoholic beverages -- Bibliography.</subfield>
    <subfield code="6">S17734.1</subfield>
  </datafield>
  <datafield tag="700" ind1="1" ind2=" ">
    <subfield code="a">Yawney, Carole D.</subfield>
    <subfield code="6">A24553.1</subfield>
  </datafield>
  <datafield tag="830" ind1=" " ind2="0">
    <subfield code="a">Bibliographic series (Addiction Research Foundation of Ontario) ;</subfield>
    <subfield code="v">no. 1.</subfield>
    <subfield code="6">S4669.1</subfield>
  </datafield>
  <datafield tag="949" ind1=" " ind2=" ">
    <subfield code="a">Z7721</subfield>
    <subfield code="w">lcc</subfield>
    <subfield code="i">-86261</subfield>
    <subfield code="m">MAIN</subfield>
    <subfield code="t">BOOK</subfield>
    <subfield code="l">ON-SHELF</subfield>
  </datafield>
  <controlfield tag="004">64642</controlfield>
  <datafield tag="999" ind1=" " ind2=" ">
    <subfield code="c">179105</subfield>
    <subfield code="d">179105</subfield>
  </datafield>
</record>
